| 000 | 00776cam a2200205 a 4500 | ||
|---|---|---|---|
| 005 | 20131028093534.0 | ||
| 008 | 870212s1986 caua 000 0 eng d | ||
| 041 | 0 | _aeng | |
| 080 | _a327 | ||
| 100 | 1 | _aHaas, Ernst B. | |
| 245 | 0 | 0 |
_aWhy we still need the United Nations : _cErnst B. Haas. |
| 260 |
_aBerkeley : _bInstitute of International Studies, University of California, _cc1986. |
||
| 300 |
_aix, 104 p. : _bill. ; _c24 cm. |
||
| 490 | 1 |
_aPolicy papers in international affairs ; _vno. 26 |
|
| 504 | _aBibliography: p. 104. | ||
| 610 | 2 | 0 | _aUnited Nations. |
| 650 |
_aMarrëdhënie ndërkombëtare _zShtetet e bashkuara |
||
| 830 | 0 |
_aPolicy papers in international affairs ; _vno. 26. |
|
| 942 |
_2udc _cBK |
||
| 999 |
_c175 _d175 |
||